000 00657nam a2200193 i 4500
001 151077
003 ES-MaACL
005 20230906203827.0
007 t|
008 071204s1973 sp ||||1| baq d
080 _a891.69-34(082.2)
245 0 0 _aIpuin-barreka (euskaltzaindiak saritu eban ipuin-txorta hau 1954. urtean) /
_cAzala ta irudiak, Ibarburu ta X. Egañarenak. II. argit Arantzazu Félix Bilbao.
260 _aArantzazu :
_bEd. Franciscana,
_c[1973]
300 _a299 p., 10 lám. ;
_c19 cm.
700 1 _aBilbao, Félix.
_928863
700 1 _aIbarburu.
_964947
700 1 _aEgaña, Xabier.
_946693
852 _aES-MaACL
_jC-54382
_bR.87108
999 _c151077
_d151077